02159nam a2200361 a 4500001001200000003000800012006001900020007001500039008004100054010001700095020002500112020002700137040002100164035002100185050002300206082001700229100001900246245007800265250001200343260005500355300002400410490001300434504005100447505021500498520063900713533015201352650004501504650005901549655002901608710001701637856012601654999001701780ebr10728348CaPaEBRm o u cr cn|||||||||130401s2013 enka sbf 001 0 eng d z 2013013320 z9780470671177 (pbk.) z9781118597712 (e-book) aCaPaEBRcCaPaEBR a(OCoLC)85456906014aSF985b.S78 2013eb04a636.80892231 aSturgess, Kit.10aNotes on feline internal medicineh[electronic resource] /cKit Sturgess. a2nd ed. aChichester, West Sussex :bWiley-Blackwell,c2013. axii, 428 p. :bill.0 aNotes on aIncludes bibliographical references and index.0 asection 1. Key topics in feline medicine -- section 2. Clinical signs -- section 3. Common abnormalities of haematology, biochemistry and urinalysis -- section 4. Organ systems -- section 5. Infectious disease. a"A unique text providing a quick, accessible, comprehensive, practical guide to help clinicians get started with a problem-solving approach to a sick cat. Published as part of the 'Notes on' series, it is written in an accessible note-based style, giving readers quick access to the most recent clinical and diagnostic guidance. This new edition includes new sections on sedation and anaesthesia, health screening, oncology, algorithms for critical care and practical tips on diagnostic techniques. The focus is on common conditions, and the second edition has been improved to avoid repetition of information"--Provided by publisher. aElectronic reproduction.bPalo Alto, Calif. :cebrary,d2013.nAvailable via World Wide Web.nAccess may be limited to ebrary affiliated libraries. 0aCatsxDiseasesvHandbooks, manuals, etc. 0aVeterinary internal medicinevHandbooks, manuals, etc. 7aElectronic books.2local2 aebrary, Inc.40uhttp://site.ebrary.com/lib/rucke/Doc?id=10728348zAn electronic book accessible through the World Wide Web; click to view c37173d37173